Ex-pert information (Record no. 71396)

MARC details
000 -LEADER
fixed length control field 00708cam a2200217 4500
001 - CONTROL NUMBER
control field ABS66097
008 - FIXED-LENGTH DATA ELEMENTS--GENERAL INFORMATION
fixed length control field 021021n2002 000 0 eng u
035 ## - SYSTEM CONTROL NUMBER
System control number (Sirsi) u120196
100 ## - MAIN ENTRY--PERSONAL NAME
Personal name Reiss, G.
245 ## - TITLE STATEMENT
Title Ex-pert information
260 ## - PUBLICATION, DISTRIBUTION, ETC.
Date of publication, distribution, etc. 2002
490 ## - SERIES STATEMENT
Series statement Project
Volume/sequential designation 15(4) August/September 2002, 16-17(2)
520 ## - SUMMARY, ETC.
Summary, etc. Explains the meaning of PERT (Program evaluation and review technique or sometimes Project evaluation and review technique) and outlines the stages of the project planning process. Diagrams.
590 ## - LOCAL NOTE (RLIN)
Local note ABS
650 ## - SUBJECT ADDED ENTRY--TOPICAL TERM
Topical term or geographic name entry element PROJECT PLANNING
650 ## - SUBJECT ADDED ENTRY--TOPICAL TERM
Topical term or geographic name entry element ANALYSIS
650 ## - SUBJECT ADDED ENTRY--TOPICAL TERM
Topical term or geographic name entry element PROJECT EVALUATION
650 ## - SUBJECT ADDED ENTRY--TOPICAL TERM
Topical term or geographic name entry element PERT
690 ## - LOCAL SUBJECT ADDED ENTRY--TOPICAL TERM (OCLC, RLIN)
Topical term or geographic name as entry element Project management
9 (RLIN) 6261
942 ## - ADDED ENTRY ELEMENTS (KOHA)
Suppress in OPAC 0
Holdings
Withdrawn status Lost status Source of classification or shelving scheme Damaged status Not for loan Home library Current library Shelving location Date acquired Total Checkouts Full call number Barcode Date last seen Copy number Price effective from Koha item type
    Dewey Decimal Classification     London London Journal article 21/10/2002   ABS66097 120196-1001 06/08/2019 1 06/08/2019 Journal article